Código de Minería: edición oficial, aprobada por Decreto N§579, de 13 de junio de 1995, del Ministerio de Justicia
Guardat en:
| Format: | Llibre |
|---|---|
| Idioma: | espanyol |
| Publicat: |
Santiago
Jurídica de Chile
1997
|
| Edició: | 3a. ed |
| Matèries: | |
| Etiquetes: |
Afegir etiqueta
Sense etiquetes, Sigues el primer a etiquetar aquest registre!
|
MARC
| LEADER | 00000nam a2200000 a 4500 | ||
|---|---|---|---|
| 001 | UCI8881 | ||
| 003 | CL-VaPUC | ||
| 008 | 081009e19970000CL |||||||||||||||||spa|d | ||
| 020 | |a 956101016X | ||
| 082 | 0 | 4 | |a 343.83077 |b COD |2 21 |
| 245 | 1 | 0 | |a Código de Minería: edición oficial, aprobada por Decreto N§579, de 13 de junio de 1995, del Ministerio de Justicia |
| 250 | |a 3a. ed | ||
| 300 | |a 436 p | ||
| 942 | |c BK | ||
| 945 | |d 20081009 00:00:00 |a cmena | ||
| 260 | |a Santiago |b Jurídica de Chile |c 1997 | ||
| 500 | |a Apéndice actualizado a junio de 1997 | ||
| 650 | 0 | |a Derecho de minería |9 344919 | |
| 650 | 0 | |a Código de minería |9 256729 | |
| 651 | 7 | |a CHILE |2 CL-VaPUC |9 532530 | |
| 583 | |a last modification |c 20081009 00:00:00 |k Rodrigo Vera | ||
| 999 | |c 331631 |d 331629 | ||
| 952 | |0 0 |1 0 |2 ddc |4 0 |6 343_830770000000000_COD_1997 |7 0 |8 FOND_LRYV |9 418428 |a BIBDER |b BIBDER |d 2019-11-22 |i 3492583 |o 343.83077 COD 1997 |p 3492583 |r 2023-01-25 |w 2019-11-22 |y BK_X |k DER | ||